[Event "ALG-ch U20"]
[Site "Tiaret"]
[Date "2019.06.26"]
[Round "1"]
[White "Zidi, Rayan"]
[Black "Boulrens, Ala Eddine"]
[Result "0-1"]
[WhiteElo "1359"]
[BlackElo "1929"]
[PlyCount "72"]
[EventDate "2019.06.26"]
[EventType "swiss"]
[EventRounds "9"]
[EventCountry "ALG"]
[SourceTitle "EXT 2020"]
[Source "ChessBase"]
[SourceDate "2019.10.17"]
[SourceVersion "1"]
[SourceVersionDate "2019.10.17"]
[SourceQuality "1"]

1. d4 d5 2. c4 c6 3. cxd5 cxd5 4. Nf3 Nf6 5. Bg5 Nc6 6. e3 Ne4 7. Bf4 Qb6 8. Nc3 Bf5 9. Qc1 e6 10. Be2 Be7 11. 0-0 0-0 12. Nd2 Rac8 13. Ndxe4 Bxe4 14. a3 Na5 15. Bd1 Nb3 16. Bxb3 Qxb3 17. Qd2 Bg6 18. Rfc1 Rc6 19. Nd1 Rfc8 20. Rxc6 Rxc6 21. Rc1 Rc2 22. Rxc2 Bxc2 23. Qc3 g5 24. Qc8+ Kg7 25. Be5+ Kh6 26. Qe8 Bg6 27. h4 Qxd1+ 28. Kh2 f6 29. hxg5+ Kh5 30. Qxe7 fxe5 31. Qg7 exd4 32. Qh6+ Kg4 33. f3+ Kf5 34. exd4 Qxd4 35. g4+ Kf4 36. Qf8+ Ke3 0-1